| 000 | 01325nam a2200361 a 4500 | ||
|---|---|---|---|
| 001 | 000025347 | ||
| 003 | DO-SdBPM | ||
| 005 | 20251124082638.0 | ||
| 007 | ta | ||
| 008 | 110215t20uu dr ac r 000 0 spa d | ||
| 020 | _a9945402056 | ||
| 040 |
_aDO-SdBPM _bspa _cBPMSU _erda _d |
||
| 082 | 4 |
_a972.9384 _bS457 _222 |
|
| 245 | 0 | 0 |
_aEl Seibo / _ccoordinación general Darío Tejada ; dirección editorial Enriquillo Sánchez. |
| 246 | 1 | 3 | _aProvincia El Seibo |
| 264 |
_aSanto Domingo : _bBanreservas, _c[200-?]. |
||
| 300 |
_a91 páginas : _bilustraciones, retratos ; _c27 cm. |
||
| 336 |
_atexto _btxt _2rdacontent |
||
| 337 |
_asin mediación _bn _2rdamedia |
||
| 338 |
_avolumen _bnc _2rdacarrier |
||
| 490 | 0 | _aFragmentos de patria | |
| 504 | _aBibliografía : páginas 90-91. | ||
| 590 | _aInventariado, 2025/VM | ||
| 650 | 7 |
_aCiudades y pueblos _zRepública Dominicana |
|
| 651 | 7 |
_aEl Seibo (República Dominicana) _xHistoria local |
|
| 651 | 7 |
_aEl Seibo (República Dominicana) _xBiografías |
|
| 651 | 4 |
_aEl Seibo (República Dominicana) _xDescripciones y viajes |
|
| 651 | 7 |
_aEl Seibo (República Dominicana) _xVida social y costumbres |
|
| 700 | 1 |
_aTejada, Darío _ecoordinador |
|
| 700 | 1 |
_aSánchez, Enriquillo, _d1947-2004 _eeditor |
|
| 910 | _aVMateo V. Control de calidad BPMSU | ||
| 942 |
_2ddc _cBK |
||
| 999 |
_c15541 _d15541 |
||